00644nam a2200193 a 450000100100000000500170001000800410002702000150006804000250008308200180010810000400012624500560016626000390022230000310026149000270029250400370031960000670035683000270042300001945720200929170025.0100629s2006 es c 000 0 spa d a8497645758 aDO-SdBNPbspacBNPHU a923.46bC266D1 aDíaz Villanueva, Fernando,d1973-10aIsabel la Católica /cFernando Díaz Villanueva. aMadrid, España :bEdimat,c2006. a190 p. :bretrs. ;c22 cm.1 aMujeres en la historia aIncluye bibliografías (p. 187)14aISABEL LA CATÓLICA,cREINA,cCONSORTE DE ARAGÓNd1474-1504 0aMujeres en la historia